<Das> Inflationproblem in der Zentralverwaltungswirtschaft <Eine> Untersuchung unter besonderer Berücksichtigung der Sowjetunion und der DDR
Uložené v:
| Hlavný autor: | |
|---|---|
| Médium: | Kniha |
| Jazyk: | German |
| Vydavateľské údaje: |
Stuttgaert
Fischer
1982
|
| Edícia: | Schriften zum Vergleich von Wirtschaftsordnungen
heft 31 |
| Tagy: |
Žiadne tagy, Buďte prvý, kto otaguje tento záznam!
|
MARC
| LEADER | 00000nam a2200000 4500 | ||
|---|---|---|---|
| 001 | c136274 | ||
| 005 | 20041019155306.7 | ||
| 041 | 0 | |a ger | |
| 044 | |a DE | ||
| 245 | 1 | 0 | |a <Das> Inflationproblem in der Zentralverwaltungswirtschaft |b <Eine> Untersuchung unter besonderer Berücksichtigung der Sowjetunion und der DDR |c Paul Jansen |
| 264 | 1 | |a Stuttgaert |b Fischer |c 1982 | |
| 300 | |a 319 s. | ||
| 490 | 1 | |a Schriften zum Vergleich von Wirtschaftsordnungen |v heft 31 | |
| 830 | 0 | |a Schriften zum Vergleich von Wirtschaftsordnungen |v heft 31 | |
| 100 | 1 | |a Jansen, Paul | |